|
|
|
|
| LEADER |
02118nam a2200529 i 4500 |
| 001 |
nkc20213374575 |
| 003 |
CZ PrNK |
| 005 |
20240813104258.0 |
| 007 |
ta |
| 008 |
211111t20212021xr a g 6 000 1 cze |
| 015 |
|
|
|a cnb003374575
|
| 020 |
|
|
|a 978-80-7652-063-9
|q (vázáno)
|
| 035 |
|
|
|a (OCoLC)1302727802
|
| 040 |
|
|
|a ABG001
|b cze
|d OLA001
|d ABA001
|e rda
|
| 041 |
1 |
|
|a cze
|h eng
|
| 072 |
|
7 |
|a 741.52
|x Komiksy. Komiksové adaptace
|2 Konspekt
|9 21
|
| 080 |
|
|
|a 741.52(0:82-321.3)
|2 MRF
|
| 080 |
|
|
|a 741.52(0:82-322.4)
|2 MRF
|
| 100 |
1 |
|
|a Dorkin, Evan,
|d 1965-
|7 ola2011658847
|4 aut
|
| 240 |
1 |
0 |
|a Wise dogs and eldritch men.
|l Česky
|
| 245 |
1 |
0 |
|a Bestie burdenské.
|p O čaropsech a podivných dvojnožcích /
|c scénář Evan Dorkin ; kresba Benjamin Dewey ; překlad z angličtiny Alexandra Niklíčková
|
| 246 |
3 |
0 |
|a O čaropsech a podivných dvojnožcích
|
| 250 |
|
|
|a První české vydání
|
| 264 |
|
1 |
|a Praha :
|b Comics Centrum,
|c [2021]
|
| 264 |
|
4 |
|c ©2021
|
| 300 |
|
|
|a 123 stran :
|b ilustrace (převážně barevné) ;
|c 24 cm
|
| 336 |
|
|
|a text
|b txt
|2 rdacontent
|
| 336 |
|
|
|a statický obraz
|b sti
|2 rdacontent
|
| 337 |
|
|
|a bez média
|b n
|2 rdamedia
|
| 338 |
|
|
|a svazek
|b nc
|2 rdacarrier
|
| 500 |
|
|
|a Na obálce uveden též původní nakladatel: Dark Horse Books
|
| 500 |
|
|
|a Na zadní straně obálky označení dílu: 3
|
| 521 |
8 |
|
|a Určeno pro čtenáře od 14 let (tato kniha obsahuje zobrazení násilí a hororových scén)
|
| 655 |
|
7 |
|a akční a dobrodružné komiksy
|7 fd1057471
|2 czenas
|
| 655 |
|
7 |
|a horory (komiksy)
|7 fd1057476
|2 czenas
|
| 655 |
|
9 |
|a action and adventure comics
|2 eczenas
|
| 655 |
|
9 |
|a horror comics
|2 eczenas
|
| 700 |
1 |
|
|a Dewey, Ben,
|d 1980-
|7 xx0252567
|4 ill
|
| 700 |
1 |
|
|a Niklíčková, Alexandra,
|d 1978-
|7 mzk2013751044
|4 trl
|
| 765 |
1 |
|
|t Beasts of Burden
|9 Česky
|
| 910 |
2 |
|
|a BOA001
|b 2-1478.811
|
| 920 |
|
|
|a 4621076
|z ABG001
|
| 928 |
9 |
|
|a Martin Trojan pod značkou Comics Centrum
|
| 990 |
|
|
|a BK
|
| 995 |
|
|
|a 01
|
| 991 |
|
|
|b 202202
|c NOV
|
| 996 |
6 |
|
|b 2610890692
|c 2-1478.811
|l MZK
|r Sklad / do 1 hodiny
|n 0
|p p.v.
|w 001874170
|u 000010
|a 1
|e BOA001
|j MZK50
|s P
|